[Event "Mentese GM 2019"]
[Site "Mentese"]
[Date "2019.06.24"]
[Round "1.1"]
[White "Annaberdiev, Meilis"]
[Black "Maghalashvili, Davit"]
[Result "1/2-1/2"]
[WhiteElo "2532"]
[BlackElo "2500"]
[Annotator "TA"]
[PlyCount "62"]
[EventDate "2019.06.24"]
[EventType "schev"]
[EventCountry "TUR"]
[SourceTitle "playchess.com"]
[Source "ChessBase"]
[SourceQuality "1"]

{[%evp 12,62,28,0,0,0,15,0,3,6,6,0,0,0,6,0,12,4,10,0,0,0,0,0,0,0,0,-12,0,-1,0,-13,-15,-25,-20,-31,-22,-18,-14,-16,-13,-26,19,0,17,0,4,0,0,0,0,0,0]} 1. d4 d5 2. Nf3 Nf6 3. c4 e6 4. Nc3 Be7 5. Bf4 O-O 6. e3 Nbd7 7. Bd3 dxc4 {D37: Queen's Gambit Declined: 5 Bf4} (7... c5 8. cxd5 Nxd5 9. Nxd5 exd5 10. dxc5 Nxc5 11. O-O Ne6 12. Bg3 Bf6 13. Rc1 Qb6 14. b3 Bd7 15. Ne5 {1-0 (30) Mareco,S (2651)-Delgado Ramirez,N (2616) Montevideo 2019}) 8. Bxc4 c5 9. O-O cxd4 10. Qxd4 Nb6 {[#] Strongly threatening ...Qxd4.} 11. Bb3 Qxd4 12. Nxd4 Bd7 13. Rfd1 Rfd8 $146 ({Predecessor:} 13... Rac8 14. Ndb5 a6 15. Nd6 Bxd6 16. Bxd6 {1-0 (26) Urkedal,F (2541)-Risting,E (2295) Stavanger 2017}) 14. a4 Be8 15. Ndb5 Rxd1+ 16. Rxd1 Bc6 17. Nd4 Bd7 18. Be5 Bb4 19. Ra1 a6 20. Nc2 Be7 21. Rd1 Be8 22. Bd6 Kf8 23. e4 Bxd6 24. Rxd6 Nbd7 25. Ne3 Ke7 26. Rd4 Nc5 27. Bc2 {The position is equal.} a5 28. f3 Bc6 29. Kf2 Nfd7 30. Nc4 b6 31. Ke3 Rc8 {Accuracy: White = 36%, Black = 72%.} 1/2-1/2

[Event "Mentese GM 2019"]
[Site "Mentese"]
[Date "2019.06.24"]
[Round "1.2"]
[White "Ozen, Deniz"]
[Black "Bagaturov, Giorgi"]
[Result "1-0"]
[WhiteElo "2405"]
[BlackElo "2422"]
[Annotator "TA"]
[PlyCount "95"]
[EventDate "2019.06.24"]
[EventType "schev"]
[EventCountry "TUR"]
[SourceTitle "playchess.com"]
[Source "ChessBase"]
[SourceQuality "1"]

{[%evp 9,95,8,17,17,20,17,9,10,19,4,50,32,39,0,0,0,18,0,15,8,7,8,8,4,27,29,38,32,29,26,27,26,26,26,43,39,53,45,48,41,79,77,69,26,32,32,32,32,32,32,32,32,32,12,17,6,29,0,0,0,0,0,10,10,11,0,0,0,0,0,0,0,0,0,0,0,0,0,0,0,0,0,0,0,0,0,8,8]} 1. e4 c5 2. Nf3 e6 3. c3 Nf6 4. Bd3 Nc6 5. Bc2 (5. O-O d5 6. e5 Nd7 7. Bb5 a6 8. Bxc6 bxc6 9. d3 Be7 10. Re1 O-O 11. c4 f6 12. exf6 Bxf6 13. Nc3 {1-0 (37) Rapport,R (2715)-Lenderman,A (2600) Reykjavik 2018}) 5... Qc7 6. O-O {B40: Sicilian: 2...e6, Unusual lines} d5 7. exd5 Nxd5 8. d4 cxd4 9. cxd4 $146 ({Predecessor:} 9. Nxd4 Bd7 10. Nb5 Qb8 11. c4 Ndb4 12. Be4 a6 {1-0 (52) Savic,M (2503)-Apaydin,F (2232) Veliko Gradiste 2017}) 9... Be7 10. Nc3 O-O 11. Nxd5 exd5 12. h3 Be6 13. Bg5 Rfe8 14. Bxe7 Nxe7 15. Re1 Qf4 16. Qc1 Qf6 17. Qg5 Qxg5 18. Nxg5 Nf5 19. Nxe6 fxe6 20. Bxf5 exf5 21. Rac1 Rxe1+ 22. Rxe1 $11 {[%mdl 4096] Endgame KR-KR} Rc8 23. Re7 Rc1+ 24. Kh2 Rc2 25. Rxb7 Rxf2 26. a4 {Kg3 is the strong threat.} (26. Kg3 $5 {[%cal Rg3f2]} Rd2 27. Kf4 $16 (27. Rxa7 Rxd4 28. Kf3 g5 $14)) 26... a5 27. Rb5 {Strongly threatening Kg3.} f4 28. Kg1 Rd2 29. Rxd5 Rxb2 30. Rxa5 Rd2 31. Rd5 {White wants to play a5.} Ra2 32. a5 Kf7 33. Rd7+ Kf6 {The position is equal.} 34. Rd6+ Ke7 35. Rd5 Ra4 36. Kf2 {Hoping for Kf3.} Ke6 37. Re5+ (37. Rh5 {seems wilder.} h6 38. d5+ Kd6 39. Kf3 Rxa5 40. Kxf4 Ra2 41. g4) 37... Kf6 $1 38. Kf3 Rxd4 39. Rb5 (39. Re4 {is more complex.} Rd3+ 40. Kxf4 Ra3 41. h4 Rxa5 42. Rd4) 39... Ra4 40. h4 Ra2 41. Kxf4 Rxg2 42. Rb6+ Kf7 43. a6 Rh2 44. Kg3 Ra2 45. Rb7+ Kg6 46. a7 Kh6 47. Kf4 Kh5 48. Ke4 {[%mdl 32768] Accuracy: White = 54%, Black = 59%. . Sensor Board Error (Ke4/e5)?} 1-0

[Event "Mentese GM 2019"]
[Site "Mentese"]
[Date "2019.06.24"]
[Round "1.3"]
[White "Atakisi, Umut"]
[Black "Odeev, Handszar"]
[Result "1-0"]
[WhiteElo "2388"]
[BlackElo "2386"]
[Annotator "TA"]
[PlyCount "121"]
[EventDate "2019.06.24"]
[EventType "schev"]
[EventCountry "TUR"]
[SourceTitle "playchess.com"]
[Source "ChessBase"]
[SourceQuality "1"]

{[%evp 14,121,44,45,47,14,59,56,72,79,75,83,65,65,66,0,4,0,96,78,124,8,7,4,4,0,16,0,11,6,16,16,17,0,0,0,0,0,6,8,7,0,0,0,0,-22,-14,-19,0,0,0,0,0,3,8,3,20,0,70,72,78,81,119,112,113,120,124,3,89,45,54,0,85,85,103,104,125,78,77,77,73,79,134,118,166,158,199,199,212,219,289,289,301,293,325,325,380,380,458,437,648,644,729,724,716,698,684,669,945,908]} 1. d4 Nf6 2. c4 g6 3. f3 Bg7 4. e4 O-O 5. Nc3 d6 6. Nge2 Nc6 7. Be3 a6 8. Qd2 Na5 {E83: King's Indian: Sämisch Panno (6...Nc6): Lines without either Nge2 or Qd2} 9. Nf4 Nd7 (9... b5 $5) 10. Rd1 e5 {White is slightly better.} 11. dxe5 $1 dxe5 12. Nfd5 Nc6 13. Ne2 $146 ({Predecessor:} 13. h4 Nd4 14. h5 c6 15. hxg6 cxd5 16. gxh7+ {1-0 (42) Arngrimsson,D (2390)-Kozul,Z (2624) Legnica 2013}) 13... Ne7 14. Nec3 (14. h4 $14) 14... Nc6 $1 $11 15. Ne2 f5 (15... Ne7 $1 $11) 16. Bg5 Nf6 17. Nxf6+ (17. Qc1 $1 $16 {Hoping for Nxf6+.} Bd7 18. exf5) 17... Bxf6 18. Qxd8 Bxd8 19. Bxd8 Nxd8 20. Nc3 Nc6 21. exf5 gxf5 22. Be2 Be6 23. Kf2 Kg7 24. Rd2 Rad8 25. Rhd1 Rxd2 26. Rxd2 Kf6 27. Nd5+ Bxd5 $1 28. Rxd5 {[%mdl 4096] Endgame KRB-KRN} Ke6 29. Rd2 Nd4 {[#]} 30. f4 $1 {[%mdl 512]} c5 (30... exf4 31. Rxd4) 31. fxe5 Kxe5 32. Rd3 Rf6 33. Re3+ Kd6 34. Bf3 b5 35. Ra3 Kc7 (35... Ke5 $11) 36. cxb5 $14 Nxb5 37. Re3 Kd7 38. Re5 c4 39. Rc5 Nd6 40. Bd5 ({White should try} 40. Ke3 $16) 40... Rf8 (40... Ne4+ $1 $11 41. Bxe4 fxe4+ 42. Ke3 Rb6) 41. Kf3 Rb8 42. b3 (42. Bxc4 $14 Rxb2 43. Bg8 (43. Bxa6 Rxa2 44. Be2 Ke6 $11)) 42... cxb3 (42... Ne4 $1 $11 43. Bxe4 (43. Rxc4 Nd2+ {[%mdl 64] Double Attack} 44. Kf4 Nxc4 $15) 43... fxe4+ 44. Kxe4 cxb3 45. axb3 Rb4+ 46. Rc4 Rxb3) 43. Bxb3 $16 Rb4 44. Ra5 Rb6 45. Ra4 Ne4 46. Kf4 Nc5 47. Ra3 $1 Rg6 {[#]} (47... Rb5 $142) 48. g3 $1 ({But not} 48. Kxf5 $6 Rxg2 49. h3 Nxb3 $11) 48... Rh6 {[#]} 49. h4 $1 ({Don't do} 49. Kxf5 $6 Rxh2 50. Bc4 Rh6 $14) 49... Rg6 50. Kxf5 Kd6 51. Bc4 Rg7 52. Re3 Rb7 53. g4 Rb4 54. Bg8 h6 55. h5 Rb8 56. Bf7 {White is clearly winning.} Rb2 (56... Rb1 $142 57. g5 hxg5) 57. g5 $18 Rf2+ 58. Kg6 hxg5 59. h6 Nd7 {intending ...Ne5+.} 60. Re6+ Kc5 61. Kg7 {Accuracy: White = 64%, Black = 47%.} 1-0

[Event "Mentese GM 2019"]
[Site "Mentese"]
[Date "2019.06.24"]
[Round "1.4"]
[White "Sibashvili, Giorgi"]
[Black "Simantsev, Mikhail"]
[Result "0-1"]
[WhiteElo "2368"]
[BlackElo "2371"]
[Annotator "TA"]
[PlyCount "100"]
[EventDate "2019.06.24"]
[EventType "schev"]
[EventCountry "TUR"]
[SourceTitle "playchess.com"]
[Source "ChessBase"]
[SourceQuality "1"]

{[%evp 14,100,26,18,8,-2,32,49,12,-12,-8,-22,-5,-17,-22,-23,-25,-24,-27,-28,-15,-26,-41,-25,-31,-61,-23,-52,-60,-49,-50,-33,-55,-116,-118,-119,-124,-122,-125,-129,-134,-140,-145,-187,-177,-191,-187,-177,-174,-189,-194,-198,-205,-181,-109,-181,-168,-450,-439,-442,-425,-508,-508,-6279,-5497,-6091,-5959,-5402,-2688,-29964,-29967,-29970,-29970,-29969,-29970,-29970,-29971,-29971,-29972,-29975,-29976,-29976,-29974,-29978,-29979,-29979,-29977,-29971,-29969]} 1. e4 e5 2. Nf3 Nc6 3. Bc4 Bc5 4. c3 Nf6 5. d3 a6 6. O-O d6 7. b4 Ba7 8. a4 O-O {C54: Giuoco Piano: 4 c3 Nf6, main lines with 5 d4 and 5 d3} 9. Na3 (9. Nbd2 Ne7 10. h3 c6 11. Re1 Ng6 12. d4 Re8 13. Bd3 Qc7 14. a5 Bd7 15. Nf1 d5 16. Nxe5 Nxe5 17. Bf4 Nxe4 18. Bxe4 dxe4 19. Rxe4 {½-½ (31) Anand,V (2779)-Topalov,V (2740) Shamkir 2019}) 9... d5 10. exd5 Nxd5 {White is slightly better.} 11. Qb3 $146 ({Predecessor:} 11. Qe1 Bg4 12. b5 Bxf3 13. bxc6 Nxc3 14. Qxc3 Bd4 15. Qd2 Bxa1 {1-0 (29) Naby,S (2347)-Zayan,O (2205) Assiut 2008}) 11... Nb6 12. Bg5 Qe8 13. Rfe1 Nxc4 14. Nxc4 Be6 {aiming for ...b5.} 15. Qc2 f6 16. Be3 Qg6 {And now ...Bxc4 would win.} 17. Qe2 Bxc4 18. dxc4 Bxe3 19. Qxe3 Rfd8 20. Qe2 Qd3 $1 $36 {[%mdl 2048] Black has good play.} 21. Rac1 a5 22. b5 $1 {Strongly threatening Qxd3.} Ne7 23. Qxd3 (23. Nd4 $15 Qxe2 24. Nxe2) 23... Rxd3 $17 24. Red1 Rad8 25. Rxd3 Rxd3 {[%mdl 4096] Endgame KRN-KRN} 26. Kf1 Ng6 $1 27. Ne1 Rd2 28. Nf3 Rd8 29. g3 {[#]} Nf8 $1 30. Ke2 Ne6 31. Ra1 Nc5 32. Ra3 Kf7 33. Nd2 b6 (33... Ke6 $19 34. f3 f5) 34. f3 (34. Nf1 $17) 34... Ke6 $19 35. Ne4 $2 (35. Nf1 {keeps fighting.}) 35... Nxe4 36. fxe4 {[#] KR-KR} Kd6 $1 37. Ra2 {and the idea Rd2+ leaves White hopeful.} Kc5 38. Rd2 (38. Ra1 $142 Kxc4 39. h4) 38... Rxd2+ 39. Kxd2 Kxc4 {KP-KP} 40. Kc2 g6 41. g4 h5 {Black mates.} 42. gxh5 gxh5 43. h4 Kc5 44. Kd3 Kd6 45. c4 c6 46. Kd2 cxb5 47. cxb5 Ke6 48. Kc3 f5 49. Kd3 Kf6 50. Ke3 fxe4 {Accuracy: White = 32%, Black = 78%.} 0-1

[Event "Mentese GM 2019"]
[Site "Mentese"]
[Date "2019.06.24"]
[Round "1.5"]
[White "Alumert, Orkun Efe"]
[Black "Sevdimaliyev, Urfan"]
[Result "1/2-1/2"]
[WhiteElo "2008"]
[BlackElo "2362"]
[Annotator "TA"]
[PlyCount "104"]
[EventDate "2019.06.24"]
[EventType "schev"]
[EventCountry "TUR"]
[SourceTitle "playchess.com"]
[Source "ChessBase"]
[SourceQuality "1"]

{[%evp 26,104,-5,-16,-17,-21,-17,-39,-30,-30,-26,-25,-36,-41,-30,-36,0,-30,-10,-103,-92,-93,-68,-62,-61,-60,-53,-62,-13,-14,0,-45,-63,-37,-25,-49,-49,-58,-47,-72,0,-54,-25,-82,-79,-77,-71,-132,-100,-143,-56,-187,-88,-85,-80,-88,-95,-95,-94,-188,-197,-177,0,-179,-173,-115,-56,-76,-76,-76,-76,-76,-76,-104,0,0,0,0,-2,-2,-2]} 1. e4 c5 2. Nf3 d6 3. Bb5+ Bd7 4. Bxd7+ Qxd7 5. O-O Nf6 6. Re1 Nc6 7. c3 e6 8. d4 cxd4 9. cxd4 d5 10. e5 Ne4 11. Nbd2 Nxd2 12. Bxd2 Be7 13. Rc1 O-O 14. Rc3 Rfc8 {B52: Sicilian: Moscow Variation with 3...Bd7} 15. a3 (15. h4 Bd8 16. Rd3 Qc7 17. Ng5 h6 18. Nh3 Ne7 19. Bc3 b5 20. Nf4 Nf5 21. Qg4 Bxh4 22. Nh5 {½-½ (52) Nakamura,H (2769)-Grischuk,A (2766) Paris 2018}) 15... b5 16. Rd3 b4 {Black is slightly better.} 17. Ng5 h6 $146 ({Predecessor:} 17... Bxg5 18. Bxg5 bxa3 19. bxa3 Rab8 20. Rh3 Qb7 21. Qd3 h6 22. Bf6 {½-½ (32) Sardella,A (2208)-Montella,S (2375) ICCF email 2016}) 18. Nh3 bxa3 19. bxa3 Bf8 20. Qg4 {Bxh6 is the strong threat.} g6 21. Qh4 Qe7 (21... Qd8 {is more complex.} 22. Bg5 Qa5 23. Bd2 Qb5 24. Nf4 Bg7) 22. Qxe7 (22. Qg4 $11) 22... Nxe7 $17 23. Nf4 Rc4 24. Rb1 Nc6 25. Ne2 h5 26. h3 Ra4 27. Rc1 Na5 28. Bxa5 Rxa5 29. Rcc3 Rb8 30. Rf3 Rb1+ 31. Kh2 Rb7 $1 32. Nf4 {White wants to play Rc8.} Be7 (32... Kg7 $17) 33. g4 (33. Rc8+ $1 $11 Kg7 34. Rg3) 33... h4 34. Kg2 (34. Rc8+ $11 Kg7 35. Rcc3) 34... Ra4 35. Ne2 Kg7 36. Kf1 (36. Rfd3 $142) 36... Bd8 37. Rc8 {[#]} Bb6 ({Black should play} 37... Ba5 $1 $17 38. Rc2 Rb1+ 39. Kg2 Ra1) 38. Ke1 {[#]} ({Better is} 38. g5 $15) 38... Ba5+ ({Resist} 38... Bxd4 39. Rf4 $15) (38... g5 $1 $19 {has better winning chances.} 39. Rd3 Ba5+ 40. Kd1 Rc4 41. Rxc4 dxc4) 39. Kd1 Rb1+ 40. Rc1 Rxc1+ 41. Kxc1 {[%mdl 4096] Endgame KRB-KRN} Rc4+ 42. Kb2 (42. Kd1 $17) 42... Be1 $19 43. Rf4 Ba5 44. Rf3 Bb6 45. Rd3 a5 ({Black should try} 45... g5 $17 46. f3 Kf8) 46. g5 a4 47. Rd1 Kf8 48. Rd2 Ke8 49. Rd3 Bd8 (49... Ba5 $17) 50. Rc3 $1 $11 {The position is equal.} Rxc3 51. Nxc3 Bxg5 {White should prevent ...f5.} 52. Nxa4 Bf4 {[%mdl 32768] Accuracy: White = 40%, Black = 48%. . Loss on time!?} 1/2-1/2

[Event "Mentese GM 2019"]
[Site "Mentese"]
[Date "2019.06.24"]
[Round "2.1"]
[White "Bagaturov, Giorgi"]
[Black "Annaberdiev, Meilis"]
[Result "1-0"]
[WhiteElo "2422"]
[BlackElo "2532"]
[Annotator "ChessBase"]
[PlyCount "105"]
[EventDate "2019.06.24"]
[EventType "schev"]
[EventCountry "TUR"]
[SourceTitle "playchess.com"]
[Source "ChessBase"]
[SourceQuality "1"]
[TimeControl "5400+30"]

1. d4 {[%emt 0:00:30]} Nf6 {[%emt 0:00:30]} 2. Nf3 {[%emt 0:00:00]} g6 {[%emt 0:00:00]} 3. c4 {[%emt 0:00:00]} Bg7 {[%emt 0:00:00]} 4. g3 {[%emt 0:00:30]} O-O {[%emt 0:00:00]} 5. Bg2 {[%emt 0:00:00]} c5 {[%emt 0:00:00]} 6. d5 {[%emt 0:01:00]} b5 {[%emt 0:04:30]} 7. cxb5 {[%emt 0:00:30]} d6 {[%emt 0:00:30]} 8. Nc3 {[%emt 0:01:30]} a6 {[%emt 0:00:30]} 9. bxa6 {[%emt 0:00:30]} Bxa6 {[%emt 0:01:30]} 10. Rb1 {[%emt 0:02:30]} Bc8 {[%emt 0:10:30]} 11. Nd2 {[%emt 0:05:30]} Nbd7 {[%emt 0:05:30]} 12. O-O {[%emt 0:02:30]} Nb6 {[%emt 0:00:30]} 13. Qc2 {[%emt 0:12:30]} h5 {[%emt 0:05:30]} 14. h3 {[%emt 0:08:30]} e6 {[%emt 0:00:30]} 15. dxe6 {[%emt 0:01:30]} Bxe6 {[%emt 0:00:00]} 16. e4 {[%emt 0:13:30]} Qc8 {[%emt 0:21:00]} 17. h4 {[%emt 0:07:30]} Ng4 {[%emt 0:03:30]} 18. Nf3 {[%emt 0:01:30]} Bxa2 {[%emt 0:14:30]} 19. Nxa2 {[%emt 0:02:30]} Rxa2 {[%emt 0:00:30]} 20. Rd1 {[%emt 0:01:30]} c4 {[%emt 0:03:30]} 21. Bf4 {[%emt 0:11:30]} c3 {[%emt 0:06:30]} 22. Bxd6 {[%emt 0:06:31]} Rxb2 {[%emt 0:03:16]} 23. Rxb2 {[%emt 0:00:22]} cxb2 {[%emt 0:00:01]} 24. Qb3 {[%emt 0:00:21]} Qc1 {[%emt 0:00:37]} 25. Ba3 {[%emt 0:03:00]} Rc8 {[%emt 0:08:41]} 26. Ng5 {[%emt 0:04:06]} Qc4 {[%emt 0:01:11]} 27. Qxb6 {[%emt 0:02:26]} Bd4 {[%emt 0:00:56]} 28. Rxd4 {[%emt 0:00:24]} b1=Q+ {[%emt 0:01:50]} 29. Qxb1 {[%emt 0:00:37]} Qxd4 {[%emt 0:00:00]} 30. Qa2 {[%emt 0:01:10]} Ne5 {[%emt 0:00:15]} 31. Bb2 {[%emt 0:01:44]} Qd1+ {[%emt 0:04:15]} 32. Bf1 {[%emt 0:00:22]} Qc2 {[%emt 0:00:00]} 33. Qa3 {[%emt 0:03:47]} Ng4 {[%emt 0:01:17]} 34. Bd4 {[%emt 0:00:31]} Qc7 {[%emt 0:00:21]} 35. Qa2 {[%emt 0:01:40]} Qd7 {[%emt 0:02:58]} 36. Qd5 {[%emt 0:02:29]} Qxd5 {[%emt 0:00:40]} 37. exd5 {[%emt 0:00:37]} Rc1 {[%emt 0:00:01]} 38. d6 {[%emt 0:00:19]} Rd1 {[%emt 0:00:03]} 39. Nf3 {[%emt 0:00:08]} Kf8 {[%emt 0:01:58]} 40. Kg2 {[%emt 0:00:27]} Rb1 {[%emt 0:00:05]} 41. Ne5 {[%emt 0:01:25]} Rd1 {[%emt 0:00:27]} 42. Nc6 {[%emt 0:00:52]} Ke8 {[%emt 0:00:10]} 43. Bb5 {[%emt 0:01:12]} Kd7 {[%emt 0:00:17]} 44. Bc5 {[%emt 0:00:11]} Nf6 {[%emt 0:00:34]} 45. Nd4+ {[%emt 0:01:54]} Kc8 {[%emt 0:00:01]} 46. Be2 {[%emt 0:00:09]} Rc1 {[%emt 0:00:37]} 47. Ba6+ {[%emt 0:00:19]} Kd7 {[%emt 0:00:33]} 48. Bb5+ {[%emt 0:00:04]} Kc8 {[%emt 0:00:03]} 49. Bb6 {[%emt 0:00:17]} Rc3 {[%emt 0:02:00]} 50. Bc7 {[%emt 0:00:37]} Rc5 {[%emt 0:00:59]} 51. Nc6 {[%emt 0:00:43]} Nd5 {[%emt 0:00:45]} 52. Ne7+ {[%emt 0:01:05]} Kb7 {[%emt 0:00:00]} 53. Nxd5 {[%emt 0:00:00]} 1-0

[Event "Mentese GM 2019"]
[Site "Mentese"]
[Date "2019.06.24"]
[Round "2.2"]
[White "Odeev, Handszar"]
[Black "Ozen, Deniz"]
[Result "0-1"]
[WhiteElo "2386"]
[BlackElo "2405"]
[Annotator "NA"]
[PlyCount "94"]
[EventDate "2019.06.24"]
[EventType "schev"]
[EventCountry "TUR"]
[SourceTitle "playchess.com"]
[Source "ChessBase"]
[SourceQuality "1"]
[TimeControl "5400+30"]

1. e4 {[%emt 0:00:30]} Nf6 {[%emt 0:00:30]} 2. e5 {[%emt 0:00:30]} Nd5 {[%emt 0:00:00]} 3. d4 {[%emt 0:00:30]} d6 {[%emt 0:00:00]} 4. Nf3 {[%emt 0:00:00]} g6 {[%emt 0:00:00]} 5. Bc4 {[%emt 0:01:00]} Nb6 {[%emt 0:00:00]} 6. Bb3 {[%emt 0:00:30]} Bg7 {[%emt 0:00:30]} 7. Qe2 {[%emt 0:06:30]} Nc6 {[%emt 0:01:30]} 8. O-O {[%emt 0:02:30]} dxe5 {[%emt 0:00:30]} 9. dxe5 {[%emt 0:00:30]} Nd4 {[%emt 0:00:30]} 10. Qe4 {[%emt 0:19:30]} Nxb3 {[%emt 0:07:30]} 11. axb3 {[%emt 0:00:30]} O-O {[%emt 0:04:30]} 12. Qh4 {[%emt 0:02:30]} f6 {[%emt 0:07:30]} 13. Nc3 {[%emt 0:03:30]} Bf5 {[%emt 0:05:30]} 14. Be3 {[%emt 0:05:30]} Qe8 {[%emt 0:16:30]} 15. Rfe1 {[%emt 0:02:30]} Qf7 {[%emt 0:08:30]} 16. Nb5 {[%emt 0:09:30]} Nd5 {[%emt 0:04:30]} 17. c4 {[%emt 0:04:30]} Nxe3 {[%emt 0:06:30]} 18. Rxe3 {[%emt 0:00:30]} g5 {[%emt 0:14:30]} 19. Qg3 {[%emt 0:00:00]} Rac8 {[%emt 0:10:42]} 20. Nxc7 {[%emt 0:03:00]} fxe5 {[%emt 0:02:00]} 21. Nxg5 {[%emt 0:02:30]} Qf6 {[%emt 0:02:28]} 22. Nd5 {[%emt 0:01:30]} Qd6 {[%emt 0:00:05]} 23. Ne4 {[%emt 0:02:30]} Qd7 {[%emt 0:03:39]} 24. Qh4 {[%emt 0:05:30]} Rf7 {[%emt 0:00:46]} 25. h3 {[%emt 0:04:30]} Bxe4 {[%emt 0:00:13]} 26. Rxe4 {[%emt 0:01:30]} e6 {[%emt 0:00:08]} 27. Nc3 {[%emt 0:05:01]} Rcf8 {[%emt 0:01:03]} 28. Re2 {[%emt 0:03:47]} Rf4 {[%emt 0:00:41]} 29. Qg3 {[%emt 0:00:32]} Qc6 {[%emt 0:00:36]} 30. Rxa7 {[%emt 0:08:16]} Kh8 {[%emt 0:00:54]} 31. Qe3 {[%emt 0:00:29]} Rd4 {[%emt 0:01:28]} 32. Ra5 {[%emt 0:00:11]} Qd7 {[%emt 0:00:25]} 33. Rb5 {[%emt 0:01:15]} Rd3 {[%emt 0:00:26]} 34. Qb6 {[%emt 0:00:57]} Rxc3 {[%emt 0:00:06]} 35. Kh2 {[%emt 0:01:53]} Qd1 {[%emt 0:01:05]} 36. Re4 {[%emt 0:03:08]} Rc1 {[%emt 0:00:40]} 37. Kg3 {[%emt 0:00:27]} Qd3+ {[%emt 0:00:49]} 38. Qe3 {[%emt 0:00:07]} Qxe3+ {[%emt 0:00:11]} 39. Rxe3 {[%emt 0:00:04]} Rf7 {[%emt 0:00:26]} 40. Rb6 {[%emt 0:00:27]} Rc2 {[%emt 0:00:46]} 41. f3 {[%emt 0:00:38]} Bh6 {[%emt 0:00:17]} 42. Rd3 {[%emt 0:01:14]} Bf4+ {[%emt 0:00:33]} 43. Kh4 {[%emt 0:00:07]} Rxg2 {[%emt 0:00:18]} 44. Rxe6 {[%emt 0:00:07]} Bg5+ {[%emt 0:01:05]} 45. Kh5 {[%emt 0:00:09]} Rf5 {[%emt 0:00:18]} 46. Re8+ {[%emt 0:00:16]} Kg7 {[%emt 0:00:08]} 47. Rd7+ {[%emt 0:00:03]} Be7# {[%emt 0:00:05]} 0-1

[Event "Mentese GM 2019"]
[Site "Mentese"]
[Date "2019.06.24"]
[Round "2.3"]
[White "Simantsev, Mikhail"]
[Black "Atakisi, Umut"]
[Result "0-1"]
[WhiteElo "2371"]
[BlackElo "2388"]
[Annotator "NA"]
[PlyCount "46"]
[EventDate "2019.06.24"]
[EventType "schev"]
[EventCountry "TUR"]
[SourceTitle "playchess.com"]
[Source "ChessBase"]
[SourceQuality "1"]
[TimeControl "5400+30"]

1. d4 {[%emt 0:00:30]} d5 {[%emt 0:00:30]} 2. c4 {[%emt 0:00:00]} c6 {[%emt 0:00:00]} 3. Nc3 {[%emt 0:00:00]} Nf6 {[%emt 0:00:00]} 4. e3 {[%emt 0:00:00]} e6 {[%emt 0:00:30]} 5. Nf3 {[%emt 0:00:00]} Nbd7 {[%emt 0:00:00]} 6. Qc2 {[%emt 0:00:00]} Bd6 {[%emt 0:00:00]} 7. Be2 {[%emt 0:02:00]} O-O {[%emt 0:00:30]} 8. O-O {[%emt 0:00:00]} b6 {[%emt 0:00:30]} 9. b3 {[%emt 0:00:00]} Bb7 {[%emt 0:00:00]} 10. Bb2 {[%emt 0:00:30]} Qe7 {[%emt 0:00:00]} 11. Rad1 {[%emt 0:00:00]} Rad8 {[%emt 0:00:30]} 12. Rfe1 {[%emt 0:00:00]} Rfe8 {[%emt 0:00:30]} 13. Bf1 {[%emt 0:02:30]} e5 {[%emt 0:01:30]} 14. cxd5 {[%emt 0:08:30]} e4 {[%emt 0:03:30]} 15. dxc6 {[%emt 0:01:30]} exf3 {[%emt 0:00:30]} 16. cxb7 {[%emt 0:00:00]} Bxh2+ {[%emt 0:00:30]} 17. Kxh2 {[%emt 0:01:00]} Qd6+ {[%emt 0:01:30]} 18. Kh3 {[%emt 0:01:30]} Re5 {[%emt 0:00:30]} 19. dxe5 {[%emt 0:45:30]} Qe6+ {[%emt 0:01:30]} 20. Kh2 {[%emt 0:00:30]} Qxe5+ {[%emt 0:00:30]} 21. Kh3 {[%emt 0:01:30]} Qh5+ {[%emt 0:00:30]} 22. Kg3 {[%emt 0:00:30]} Qg4+ {[%emt 0:00:00]} 23. Kh2 {[%emt 0:00:00]} Qh4+ {[%emt 0:00:00]} 0-1

[Event "Mentese GM 2019"]
[Site "Mentese"]
[Date "2019.06.24"]
[Round "2.4"]
[White "Sevdimaliyev, Urfan"]
[Black "Sibashvili, Giorgi"]
[Result "1/2-1/2"]
[WhiteElo "2362"]
[BlackElo "2368"]
[Annotator "NA"]
[PlyCount "64"]
[EventDate "2019.06.24"]
[EventType "schev"]
[EventCountry "TUR"]
[SourceTitle "playchess.com"]
[Source "ChessBase"]
[SourceQuality "1"]
[TimeControl "5400+30"]

1. e4 {[%emt 0:00:30]} c5 {[%emt 0:00:30]} 2. Nf3 {[%emt 0:00:00]} Nc6 {[%emt 0:00:00]} 3. d4 {[%emt 0:00:00]} cxd4 {[%emt 0:00:00]} 4. Nxd4 {[%emt 0:00:30]} Nf6 {[%emt 0:00:00]} 5. Nc3 {[%emt 0:00:30]} e5 {[%emt 0:00:00]} 6. Ndb5 {[%emt 0:00:30]} d6 {[%emt 0:00:30]} 7. Bg5 {[%emt 0:00:30]} a6 {[%emt 0:00:00]} 8. Na3 {[%emt 0:00:00]} b5 {[%emt 0:00:00]} 9. Nd5 {[%emt 0:01:00]} Be7 {[%emt 0:00:30]} 10. Bxf6 {[%emt 0:00:30]} Bxf6 {[%emt 0:00:00]} 11. c3 {[%emt 0:00:00]} Rb8 {[%emt 0:00:00]} 12. Nc2 {[%emt 0:01:00]} Bg5 {[%emt 0:00:30]} 13. a4 {[%emt 0:06:30]} bxa4 {[%emt 0:00:30]} 14. Ncb4 {[%emt 0:00:30]} Bd7 {[%emt 0:03:30]} 15. Bxa6 {[%emt 0:04:30]} Nxb4 {[%emt 0:00:30]} 16. cxb4 {[%emt 0:01:30]} O-O {[%emt 0:01:30]} 17. O-O {[%emt 0:04:30]} Bc6 {[%emt 0:02:30]} 18. Bc4 {[%emt 0:05:30]} Bxd5 {[%emt 0:01:30]} 19. Bxd5 {[%emt 0:00:30]} Rxb4 {[%emt 0:00:00]} 20. Rxa4 {[%emt 0:00:30]} Rxb2 {[%emt 0:00:00]} 21. Qf3 {[%emt 0:10:30]} Qb6 {[%emt 0:44:30]} 22. Ra8 {[%emt 0:06:30]} Qc7 {[%emt 0:05:30]} 23. Rxf8+ {[%emt 0:07:30]} Kxf8 {[%emt 0:00:30]} 24. Qf5 {[%emt 0:02:30]} h6 {[%emt 0:02:30]} 25. Qh7 {[%emt 0:04:30]} Rxf2 {[%emt 0:16:30]} 26. Kxf2 {[%emt 0:17:30]} Qc5+ {[%emt 0:00:00]} 27. Kg3 {[%emt 0:00:30]} Qe3+ {[%emt 0:00:00]} 28. Kg4 {[%emt 0:03:30]} Qe2+ {[%emt 0:01:30]} 29. Rf3 {[%emt 0:01:30]} Qxg2+ {[%emt 0:00:30]} 30. Rg3 {[%emt 0:01:30]} Qe2+ {[%emt 0:02:02]} 31. Kh3 {[%emt 0:00:30]} Qh5+ {[%emt 0:02:04]} 32. Kg2 {[%emt 0:00:00]} Qe2+ {[%emt 0:00:04]} 1/2-1/2